000 00535nam a2200193 i 4500
001 61685
003 ES-MaACL
005 20251122063116.0
007 t|
008 031113s1903 sp ||||1| spa d
100 1 _aFargas y Roca, Miguel A.,
_d1858-1916
_9147075
245 1 0 _aTratado de Ginecología /
_cpor Miguel A. Fargas.
250 _a2ª ed.
260 _aBarcelona :
_bSalvat,
_c[1903]
300 _a2 v. ;
_c25 cm.
650 0 4 _aGinecología.
_913119
852 _aES-MaACL
_jB-12089-90
999 _c61685
_d61685